碧血劍

資料類型: Book 圖書   書目號:35346

Leader xxxxxxxxxx
001 __ PCLIS00035346
005 __ 20210617092113.0
010 0_ |a957-32-5083-7|b套 : 精裝|dNT$560
010 0_ |a957-32-5068-3|b第1冊 : 精裝|dNT$280
010 0_ |a957-32-5069-1|b第2冊 : 精裝|dNT$280
100 __ |a20050506g20031957m  y0chiy09      e
101 0_ |achi
102 __ |atw
105 __ |aafchz   000ad
200 1_ |a碧血劍|f金庸作
205 __ |a四版
205 __ |a公元2003年金庸新修版
210 __ |a臺北市|c遠流|d2003[民92]
215 0_ |a2冊(954面, 圖版[32]面)|c部分彩圖|d22公分
225 12 |a金庸作品集|v3-4
300 __ |a本館館藏為2004年2刷
320 __ |a附袁崇煥評傳
517 1_ |aThe sword stained with royal blood
606 __ |2cst|a武俠小說
681 __ |a857.9|b864
700 _1 |a金庸|4|f1924-2018
801 _0 |atw|b內湖高中|c20050506|gCCR
  
詳細館藏 1-2 筆 (共 2 筆)
索 書 號登 錄 號冊次號館別 / 館藏地流通類型狀態加入預約清單電子資源
857.9 / 864 1014904 v.1 圖書館 / 一樓普通區 可外借30天 在館   
857.9 / 864 1014905 v.2 圖書館 / 一樓普通區 可外借30天 在館   

| 條列資料




目錄查詢 分類查詢 個人資料 圖書薦購 新書查詢 閉館日 排行榜 更多電子資源 Hami書城 線上資料庫 登出

From : 216.73.216.116

  本日流通累計至 18:00:26 借閱 : 6 次 續借 : 0 次 歸還 : 8 次 預約 : 0 次 電子資源 : 0 次


內湖高中圖書館  PCLIS 版本  25.5.0.2